Sports Positions - Statistics

General Stats
  • This quiz has been taken 1,749 times
  • The average score is 38 of 58
Answer Stats
American Football Answer % Correct
QB Quarterback
97%
RB Running Back
92%
C Center
91%
C Center
90%
1B First Base
90%
P Pitcher
90%
2B Second Base
89%
3B Third Base
89%
C Catcher
88%
GK Goalkeeper
88%
K Kicker
88%
PG Point Guard
88%
TE Tight End
88%
WR Wide Receiver
88%
LG Left Guard
86%
CF Center Fielder
85%
LF Left Fielder
85%
P Punter
85%
RF Right Fielder
85%
RG Right Guard
85%
LT Left Tackle
84%
RT Right Tackle
84%
PF Power Forward
82%
SG Shooting Guard
81%
SS Shortstop
80%
DE Defensive End
79%
S Safety
78%
DT Defensive Tackle
77%
CB Corner Back
75%
DB Defensive Back
75%
FB Full Back
75%
LB Linebacker
75%
SF Small Forward
75%
FS Free Safety
68%
LB Left Back
63%
RB Right Back
63%
CB Center Back
61%
LWB Left Wing Back
60%
RWB Right Wing Back
60%
LW Left Wing
58%
RW Right Wing
58%
TB Tail Back
51%
MF Mid Fielder
49%
CM Center Midfield
47%
LM Left Midfield
45%
RM Right Midfield
45%
FW Forward
43%
CF Center Forward
42%
DM Defensive Midfield
40%
AM Attacking Midfield
33%
DF Defender
33%
F Flyer
21%
SW Sweeper
21%
SS Second Striker
7%
BS Back Spot
6%
FS Front Spot
4%
MB Main Base
3%
SB Secondary Base
1%
No matching quizzes found
Score Distribution
Percent of People with Each Score
Percentile by Number Answered
Your Score History
You have not taken this quiz